Southville International School and Colleges
Your cart is empty.
  • Cart
  • Lists
    Public lists list_1 View all
    Your lists Log in to create your own lists
  • Log in to your account
  • Your cookies
  • Search history
Southville International School and Colleges
  • Advanced search
  • Recent comments
  • Most popular
  • Libraries

Log in to your account

Log in with GOOGLE


If you do not have an external account, but do have a local account, you can still log in:

  1. Home
  2. MARC view: In the name of God
Normal view MARC view ISBD view

In the name of God (Record no. 18433)

[ view plain ]
MARC details
000 -LEADER
fixed length control field 00619nam a22002177a 4500
003 - CONTROL NUMBER IDENTIFIER
control field OSt
005 - DATE AND TIME OF LATEST TRANSACTION
control field 20140310183030.0
008 - FIXED-LENGTH DATA ELEMENTS--GENERAL INFORMATION
fixed length control field 130218t xxu||||| |||| 00| 0 eng d
020 ## - INTERNATIONAL STANDARD BOOK NUMBER
International Standard Book Number 9780802840172 (pbk.)
050 ## - LIBRARY OF CONGRESS CALL NUMBER
Classification number BR 290
Item number .L965 2011
082 ## - DEWEY DECIMAL CLASSIFICATION NUMBER
Classification number M 274.06
Item number L965 2011
245 ## - TITLE STATEMENT
Title In the name of God
Remainder of title the making of global Christianity
Statement of responsibility, etc Lupieri, Edmondo
250 ## - EDITION STATEMENT
Edition statement English ed.
260 ## - PUBLICATION, DISTRIBUTION, ETC. (IMPRINT)
Place of publication, distribution, etc Grand Rapids, Mich.
Name of publisher, distributor, etc W. B. Eerdmans Pub.
Date of publication, distribution, etc c2011
300 ## - PHYSICAL DESCRIPTION
Extent 271 p.
Dimensions 23 cm.
Other physical details ill.
521 ## - TARGET AUDIENCE NOTE
Target audience note
526 ## - STUDY PROGRAM INFORMATION NOTE
Reading level 1210L-1700L
541 ## - IMMEDIATE SOURCE OF ACQUISITION NOTE
-- 1
562 ## - COPY AND VERSION IDENTIFICATION NOTE
Number of copies 1
942 ## - ADDED ENTRY ELEMENTS (KOHA)
Source of classification or shelving scheme Library of Congress Classification
Koha item type Books
Call number prefix
Holdings
Withdrawn status Lost status Source of classification or shelving scheme Damaged status Home library Current library Shelving location Date acquired Total Checkouts Full call number Barcode Date last seen Copy number Price effective from Koha item type
    Library of Congress Classification   College Library College Library General Circulation Section 02/18/2013   BR 290 .L965 2011 c16098 05/15/2018 1 02/18/2013 Books

In the name of God

APA

(2011). In the name of God. Grand Rapids, Mich: W. B. Eerdmans Pub.

Chicago

2011. In the name of God. Grand Rapids, Mich: W. B. Eerdmans Pub.

Harvard

(2011). In the name of God. Grand Rapids, Mich: W. B. Eerdmans Pub.

MLA

In the name of God. Grand Rapids, Mich: W. B. Eerdmans Pub. 2011.

  • Place hold
  • Print
  • Cite
  • Add to your cart (remove)
  • Save record
    BIBTEX Dublin Core MARCXML MARC (non-Unicode/MARC-8) MARC (Unicode/UTF-8) MARC (Unicode/UTF-8, Standard) MODS (XML) RIS
  • More searches
    Search for this title in:
    Other Libraries (WorldCat) Other Databases (Google Scholar) Online Stores (Bookfinder.com) Open Library (openlibrary.org)

Exporting to Dublin Core...

SOUTHVILLE LIBRARY

Southville International School and Colleges Library

1281 Tropical Ave. Cor. Luxembourg St., BF Homes International, Las Pinas City

Tel. No. 8256374 / 252358 Loc. 117/146

Powered by Koha